The tortoise and the hare / (Record no. 122)

MARC details
000 -LEADER
fixed length control field 00970nam a22003137a 4500
001 - CONTROL NUMBER
control field 122
003 - CONTROL NUMBER IDENTIFIER
control field FISKH
005 - DATE AND TIME OF LATEST TRANSACTION
control field 20230228095919.0
008 - FIXED-LENGTH DATA ELEMENTS--GENERAL INFORMATION
fixed length control field 230228b cb ||||| |||| 00| 0 eng d
010 ## - LIBRARY OF CONGRESS CONTROL NUMBER
LC control number 88105034
020 ## - INTERNATIONAL STANDARD BOOK NUMBER
International Standard Book Number 033500002076
040 ## - CATALOGING SOURCE
Original cataloging agency DLC
Transcribing agency DLC
Modifying agency DLC
-- FISKH
Language of cataloging eng
042 ## - AUTHENTICATION CODE
Authentication code lcac
050 00 - LIBRARY OF CONGRESS CALL NUMBER
Classification number PZ8.2.L83
Item number To 1987
082 00 - DEWEY DECIMAL CLASSIFICATION NUMBER
Classification number 398.2/4529322
-- E
Edition number 19
100 1# - MAIN ENTRY--PERSONAL NAME
Personal name Lundell, Margo.
245 14 - TITLE STATEMENT
Title The tortoise and the hare /
Statement of responsibility, etc. retold by Margo Lundell ; illustrated by John Nez.
260 ## - PUBLICATION, DISTRIBUTION, ETC.
Place of publication, distribution, etc. New York
Name of publisher, distributor, etc. Golden Book
Place of publication, distribution, etc. Racine, Wis.
Name of publisher, distributor, etc. Western Pub. Co.,
Date of publication, distribution, etc. 1987
300 ## - PHYSICAL DESCRIPTION
Extent 12 leaves of plates
Other physical details col. ill. ;
Dimensions 21 cm.
490 0# - SERIES STATEMENT
Series statement A Little golden book
505 ## - FORMATTED CONTENTS NOTE
Formatted contents note H
520 ## - SUMMARY, ETC.
Summary, etc. Recounts the race between the boastful hare and the persevering tortoise.
521 8# - TARGET AUDIENCE NOTE
Target audience note 500
Source Lexile
521 8# - TARGET AUDIENCE NOTE
Target audience note H
Source Ras-Plus
650 #1 - SUBJECT ADDED ENTRY--TOPICAL TERM
Topical term or geographic name entry element Fables.
700 1# - ADDED ENTRY--PERSONAL NAME
Personal name Nez, John A.,
Relator term ill.
906 ## - LOCAL DATA ELEMENT F, LDF (RLIN)
a 7
b cbc
c orignew
d 2
e ncip
f 19
g y-gencatlg
942 ## - ADDED ENTRY ELEMENTS (KOHA)
Source of classification or shelving scheme Dewey Decimal Classification
Koha item type Books
Suppress in OPAC No
Holdings
Withdrawn status Lost status Source of classification or shelving scheme Damaged status Not for loan Collection Home library Current library Shelving location Date acquired Total Checkouts Full call number Barcode Date last seen Date last checked out Price effective from Koha item type
    Dewey Decimal Classification     Juvenile Fiction Footprints International School Library Network Toul Kork Campus Footprints International School Library Network Toul Kork Campus   02/28/2023 3 LUN 398.2 PZ8.L83 FISBK00210 02/19/2025 02/13/2025 02/28/2023 Books